[Event "FIDE World Rapid Team"]
[Site "Almaty KAZ"]
[Date "2024.08.04"]
[Round "9.14"]
[White "Bolat, Inayat"]
[Black "Ishmukhametov, Adil"]
[Result "1-0"]
[WhiteTitle "FM"]
[WhiteElo "2264"]
[BlackElo "2077"]
[WhiteTeam "Chess Mates"]
[BlackTeam "Kazakhstan dream team"]
[WhiteFideId "13733125"]
[BlackFideId "13700170"]
[EventDate "2024.08.02"]

1. e4 c5 2. Nf3 e6 3. d4 cxd4 4. Nxd4 Nf6 5. Nc3 Nc6 6. a3 Be7 7. Nxc6 bxc6 8.
e5 Nd5 9. Qg4 g6 10. Qg3 Nxc3 11. Qxc3 a5 12. Qg3 h5 13. Bd3 Qb6 14. O-O h4 15.
Qg4 h3 16. g3 Bb7 17. Be3 c5 18. Be4 Rc8 19. Rab1 Bxe4 20. Qxe4 Qc6 21. Qxc6
Rxc6 22. Bd2 a4 23. Bc3 O-O 24. Rbd1 Rc7 25. Rd2 Ra8 26. Rfd1 Raa7 27. g4 c4 28.
Re2 Bg5 29. Re4 Rab7 30. f4 Be7 31. Kf2 Kg7 32. Kg3 Rc8 33. Red4 d5 34. exd6 Bf6
35. d7 Rd8 36. Rxc4 Bxc3 37. Rxc3 Rbxd7 38. Rxd7 Rxd7 39. Rc4 Rd2 40. Kxh3 g5
41. fxg5 Kg6 42. Kg3 Kxg5 43. h4+ Kg6 44. Rxa4 Rxc2 45. Rb4 Rc1 46. a4 Ra1 47.
b3 Rg1+ 48. Kh2 Ra1 49. Rb5 f5 50. h5+ Kg5 51. gxf5 exf5 52. h6 Kxh6 53. Rxf5
Kg6 54. Rb5 Kf6 55. Kg3 Ke6 56. Kf4 Kd6 57. a5 Kc6 58. Rb6+ Kc7 59. b4 Re1 60.
Rb5 Kc6 61. Rc5+ Kb7 62. b5 Ra1 63. b6 Rf1+ 64. Ke5 Re1+ 65. Kd6 Rd1+ 66. Rd5
Rc1 67. Kd7 Rc4 68. Kd8 Rc8+ 69. Ke7 Ka6 70. Rd8 Rc1 71. Ra8+ Kb7 72. Ra7+ Kb8
73. Kd6 Rc2 74. Rg7 Ra2 75. Kc6 Rc2+ 76. Kb5 Rc8 77. a6 Rh8 78. a7+ Ka8 79. Ka6 1-0

[Event "FIDE World Rapid Team"]
[Site "Almaty KAZ"]
[Date "2024.08.04"]
[Round "9.15"]
[White "Ishmukhametova, Dilyara"]
[Black "Skak, Abuali"]
[Result "0-1"]
[WhiteElo "1954"]
[BlackElo "1969"]
[WhiteTeam "Kazakhstan dream team"]
[BlackTeam "Chess Mates"]
[WhiteFideId "13703072"]
[BlackFideId "13739026"]
[EventDate "2024.08.02"]

1. e4 c5 2. Nf3 Nc6 3. Nc3 g6 4. Bc4 Bg7 5. O-O e6 6. Re1 Nge7 7. d3 O-O 8. e5
d6 9. exd6 Nf5 10. Ne4 Nxd6 11. Nxc5 Nxc4 12. dxc4 Qc7 13. Nb3 Rd8 14. Qe2 e5
15. c3 Bf5 16. Rd1 Rxd1+ 17. Qxd1 Rd8 18. Qe1 Bd3 19. c5 e4 20. Nfd4 Ne5 21. Bf4
Nf3+ 22. Nxf3 Qxf4 23. Nfd4 Bh6 24. Rd1 Rd5 25. Ne2 Qf6 26. Nec1 Re5 27. Nxd3
exd3 28. Qf1 Re2 29. Rxd3 Rxb2 30. g3 Kg7 31. Nd4 Rxa2 32. Rf3 Qe7 33. Qc4 Ra1+
34. Kg2 Bg5 35. Ne2 Bf6 36. Re3 Qd7 37. Nf4 Rd1 38. Qe4 a5 39. Rd3 Rxd3 40. Nxd3
Bxc3 41. Nf4 a4 42. Nd5 Ba1 43. Nb6 Qd4 44. Qxd4+ Bxd4 45. Nxa4 Kf6 46. f4 Ke6
47. Kf3 Kd5 48. Nb6+ Kxc5 49. Nd7+ Kd6 50. Nf8 h6 51. Ke4 Bg7 52. Nh7 b5 53. Kd3
Ke7 54. g4 f6 55. g5 fxg5 56. fxg5 Kf7 57. gxh6 Bxh6 58. h4 Kg7 59. Ng5 Bxg5 60.
hxg5 Kf7 61. Ke2 0-1

[Event "FIDE World Rapid Team"]
[Site "Almaty KAZ"]
[Date "2024.08.04"]
[Round "9.16"]
[White "Akhmedya, Madyar"]
[Black "Zhunusov, Nurlan"]
[Result "1-0"]
[WhiteElo "1786"]
[BlackElo "1771"]
[WhiteTeam "Chess Mates"]
[BlackTeam "Kazakhstan dream team"]
[WhiteFideId "13739727"]
[BlackFideId "13708872"]
[EventDate "2024.08.02"]

1. e4 e5 2. Nf3 Nc6 3. Bb5 a6 4. Bxc6 dxc6 5. O-O Bg4 6. h3 h5 7. d3 Qf6 8. Nbd2
Ne7 9. Re1 Be6 10. Nf1 c5 11. Bg5 Qg6 12. Bxe7 Bxe7 13. Nxe5 Qf6 14. Nc4 O-O-O
15. Qe2 Qh6 16. Nfe3 Bf6 17. Nf5 Qh7 18. Qf3 Rd7 19. Na5 Be5 20. Nc4 f6 21. Nxe5
fxe5 22. Qg3 Bxf5 23. exf5 Qxf5 24. Rxe5 Qf6 25. Rae1 b6 26. Re8+ Rxe8 27. Rxe8+
Kb7 28. Qe5 Qxe5 29. Rxe5 g6 30. g4 hxg4 31. hxg4 c4 32. Re3 cxd3 33. Rxd3 Re7
34. Rd2 c5 35. Kg2 g5 36. Kf3 Kc6 37. Re2 Rf7+ 38. Kg3 Rd7 39. f4 gxf4+ 40. Kxf4
Rf7+ 41. Kg5 Kd5 42. Kg6 Rf1 43. g5 1-0

[Event "FIDE World Rapid Team"]
[Site "Almaty KAZ"]
[Date "2024.08.04"]
[Round "9.17"]
[White "Beisikenov, Eduard"]
[Black "Akhmediyar, Yernur"]
[Result "0-1"]
[WhiteElo "1821"]
[BlackElo "1853"]
[WhiteTeam "Kazakhstan dream team"]
[BlackTeam "Chess Mates"]
[WhiteFideId "13785079"]
[BlackFideId "13732129"]
[EventDate "2024.08.02"]

1. e4 c5 2. Nc3 Nc6 3. Bb5 g6 4. Bxc6 dxc6 5. d3 Bg7 6. f4 c4 7. Nf3 cxd3 8.
cxd3 Nf6 9. O-O O-O 10. Qe2 b6 11. d4 Qc7 12. Be3 Ng4 13. Bd2 a5 14. Rfd1 Ba6
15. Qe1 Rfd8 16. h3 Nf6 17. Rac1 Qb7 18. Be3 Rac8 19. Qf2 b5 20. e5 Nd5 21. Ne4
Qb6 22. Nc5 e6 23. Ng5 Re8 24. Nge4 Rcd8 25. Nd6 Rf8 26. a3 Bc8 27. Nxc8 Rxc8
28. Nd7 Qb7 29. Nxf8 Bxf8 30. Rc2 b4 31. a4 b3 32. Rc4 Nb6 33. Rcc1 Nxa4 34. Bd2
Nxb2 35. Bxa5 Nxd1 36. Rxd1 Ra8 37. Bc3 Ra2 38. Rd2 Rxd2 39. Qxd2 Qb5 40. Kf2 c5
41. d5 exd5 0-1

[Event "FIDE World Rapid Team"]
[Site "Almaty KAZ"]
[Date "2024.08.04"]
[Round "9.18"]
[White "Muratova, Saltanat"]
[Black "Sakenov, Askar"]
[Result "0-1"]
[WhiteElo "1845"]
[BlackElo "1715"]
[WhiteTeam "Chess Mates"]
[BlackTeam "Kazakhstan dream team"]
[WhiteFideId "13705776"]
[BlackFideId "13713655"]
[EventDate "2024.08.02"]

1. e4 c6 2. d4 d5 3. e5 c5 4. c3 Nc6 5. Nf3 cxd4 6. cxd4 Bg4 7. Be2 e6 8. O-O
Nge7 9. Nc3 Nf5 10. Be3 Be7 11. Qd2 O-O 12. Rad1 Rc8 13. h3 Bxf3 14. Bxf3 Na5
15. Be2 a6 16. Bd3 Nc4 17. Bxc4 Rxc4 18. b3 Rc6 19. Qd3 Qd7 20. Bc1 Rfc8 21. Bb2
b5 22. Rc1 Bg5 23. f4 Be7 24. a3 Nxd4 25. Ne2 Nxe2+ 26. Qxe2 Rxc1 27. Bxc1 g6
28. Kh1 Rc3 29. b4 Qc6 30. Qd1 Qc4 31. f5 gxf5 32. Bf4 Bf8 33. Rf3 Bg7 34. h4 d4
35. h5 h6 36. Kh2 Kh7 37. Qg1 Rxf3 38. gxf3 Qe2+ 39. Qg2 d3 40. Kg3 Bxe5 41.
Bxe5 Qxe5+ 42. Kh4 Qf4+ 43. Kh3 d2 44. Qe2 Qd4 45. Qd1 Qe3 0-1

[Event "FIDE World Rapid Team"]
[Site "Almaty KAZ"]
[Date "2024.08.04"]
[Round "9.19"]
[White "Annaberdiyev, Meylis"]
[Black "Beristenov, Kair"]
[Result "1-0"]
[WhiteTitle "GM"]
[WhiteElo "2431"]
[BlackElo "1995"]
[WhiteTeam "TKM Chess"]
[BlackTeam "Future GM"]
[WhiteFideId "14000563"]
[BlackFideId "13777831"]
[EventDate "2024.08.02"]

1. d4 d5 2. c4 c5 3. e3 Nf6 4. cxd5 cxd4 5. exd4 Nxd5 6. Nc3 Nc6 7. Nf3 g6 8.
Bc4 Nb6 9. Bb5 a6 10. Bxc6+ bxc6 11. Ne5 Bg7 12. O-O O-O 13. Re1 Bb7 14. Ne4 c5
15. Nxc5 Bd5 16. b3 e6 17. Bd2 a5 18. Qg4 a4 19. Bb4 Re8 20. Qf4 Qf6 21. Qxf6
Bxf6 22. bxa4 Nxa4 23. Ncd7 Bg7 24. Ng4 Red8 25. Ngf6+ Bxf6 26. Nxf6+ Kg7 27.
Be7 Bc4 28. Bxd8 Rxd8 29. Ng4 Rxd4 30. Ne3 Bd3 31. Rac1 Nb6 32. Red1 e5 33. f3
f5 34. Rc7+ Kh6 35. Rc6 Nd7 36. a4 Kg5 37. Nc2 Bxc2 38. Rxd4 exd4 39. Rxc2 d3
40. Ra2 Kf4 41. Kf2 Ke5 42. Ke3 Nc5 43. Ra3 f4+ 44. Kd2 Kd4 45. a5 Kc4 46. Rc3+
Kb5 47. Rxc5+ 1-0

[Event "FIDE World Rapid Team"]
[Site "Almaty KAZ"]
[Date "2024.08.04"]
[Round "9.21"]
[White "Halynyazov, Vepaly"]
[Black "Zeynyshev, Elnur"]
[Result "1-0"]
[WhiteElo "2049"]
[BlackElo "1812"]
[WhiteTeam "TKM Chess"]
[BlackTeam "Future GM"]
[WhiteFideId "14004020"]
[BlackFideId "13719386"]
[EventDate "2024.08.02"]

1. d4 Nf6 2. c4 g6 3. Nc3 Bg7 4. e4 d6 5. h3 O-O 6. Bg5 a6 7. Nf3 c5 8. d5 b5 9.
Bd3 h6 10. Be3 e6 11. Qd2 bxc4 12. Bxc4 exd5 13. exd5 Kh7 14. g4 Nfd7 15. O-O-O
Nb6 16. Bd3 a5 17. h4 Bxg4 18. h5 Bxh5 19. Rxh5 Nc4 20. Rxh6+ Bxh6 21. Bxc4 Bxe3
22. Qxe3 Kg7 23. Ne4 Ra7 24. Rh1 1-0

[Event "FIDE World Rapid Team"]
[Site "Almaty KAZ"]
[Date "2024.08.04"]
[Round "9.22"]
[White "Karepov, Ilya"]
[Black "Agajanova, Meryem"]
[Result "0-1"]
[BlackTitle "WCM"]
[WhiteElo "1719"]
[BlackElo "2007"]
[WhiteTeam "Future GM"]
[BlackTeam "TKM Chess"]
[WhiteFideId "13728938"]
[BlackFideId "14005930"]
[EventDate "2024.08.02"]

1. d4 Nf6 2. Bf4 d5 3. e3 e6 4. Nf3 Bd6 5. Bd3 c5 6. c3 Qc7 7. Bg3 Nbd7 8. Nbd2
O-O 9. e4 dxe4 10. Nxe4 Nxe4 11. Bxe4 Nf6 12. Bc2 Rd8 13. Qe2 a6 14. Rd1 b5 15.
O-O Bxg3 16. hxg3 Bb7 17. Rd2 b4 18. Rfd1 bxc3 19. bxc3 g6 20. Ne5 Qa5 21. Bb3
Ne4 22. Qf3 Nd6 23. Qf6 c4 24. Bxc4 Qc7 25. Bd3 Ne8 26. Qf4 Ng7 27. Nxg6 Qxc3
28. Ne5 f5 29. Bc4 Rac8 30. Qg5 Bd5 31. Bxd5 Rxd5 32. g4 fxg4 33. Qxg4 Rcd8 34.
Nf3 h5 35. Qg6 Qa5 36. Ne5 Rxe5 37. dxe5 Rxd2 38. Rb1 Rd8 39. Qg5 Qc7 40. Rc1
Qd7 41. Rc3 Qd2 42. Re3 Rf8 43. Qh4 Qd1+ 44. Kh2 Qg4 45. Qe7 Rxf2 46. Rg3 Rf7
47. Qd8+ Rf8 48. Qe7 Qxg3+ 0-1

[Event "FIDE World Rapid Team"]
[Site "Almaty KAZ"]
[Date "2024.08.04"]
[Round "9.23"]
[White "Ezizov, Muhammet"]
[Black "Nauanova Zhaniya"]
[Result "0-1"]
[WhiteElo "1909"]
[BlackElo "1835"]
[WhiteTeam "TKM Chess"]
[BlackTeam "Future GM"]
[WhiteFideId "14003759"]
[BlackFideId "13780956"]
[EventDate "2024.08.02"]

1. e4 e6 2. d4 d5 3. e5 c5 4. c3 Nc6 5. Nf3 Qb6 6. Bd3 cxd4 7. cxd4 Bd7 8. Bc2
Nb4 9. O-O Nxc2 10. Qxc2 Rc8 11. Nc3 Ne7 12. Qd3 Nc6 13. a3 Na5 14. b4 Nc4 15.
Nd2 Nxd2 16. Bxd2 Be7 17. f4 O-O 18. Rf3 f6 19. Raf1 Rc4 20. Ne2 Be8 21. g4 Bg6
22. f5 exf5 23. gxf5 Bh5 24. Re3 Bxe2 25. Qxe2 Qxd4 26. Kh1 fxe5 27. Rxe5 Bf6
28. Re8 Qb6 29. Re1 Qc6 30. Rxf8+ Kxf8 31. Qg2 d4 32. Re4 b5 33. h3 Rc2 34. Re2
Qxg2+ 35. Kxg2 d3 36. Rf2 Bd4 37. Rf4 Rxd2+ 38. Kf1 Rd1+ 39. Kg2 Rg1+ 40. Kh2
Be5 41. Kxg1 Bxf4 0-1

[Event "FIDE World Rapid Team"]
[Site "Almaty KAZ"]
[Date "2024.08.04"]
[Round "9.24"]
[White "Omar, Temirlan"]
[Black "Sholpanbek, Zhansaya"]
[Result "1-0"]
[WhiteElo "1874"]
[BlackElo "1752"]
[WhiteTeam "Future GM"]
[BlackTeam "TKM Chess"]
[WhiteFideId "13723960"]
[BlackFideId "13775111"]
[EventDate "2024.08.02"]

1. d4 Nf6 2. Bf4 g6 3. Nc3 d5 4. Nf3 Bg7 5. Nb5 Na6 6. e3 O-O 7. h3 c6 8. Nc3
Nc7 9. Bd3 b5 10. a3 a5 11. e4 dxe4 12. Nxe4 Ncd5 13. Bg3 Qb6 14. c3 Rd8 15. O-O
Bb7 16. Ne5 Nxe4 17. Bxe4 c5 18. dxc5 Qxc5 19. Qe2 Ba6 20. Rfd1 Rac8 21. Qf3 Nf6
22. Bc2 Qb6 23. Bb3 e6 24. Bh4 Bb7 25. Qf4 Rxd1+ 26. Rxd1 Nd5 27. Qxf7+ Kh8 28.
Nd7 Qc6 29. Bxd5 exd5 30. Bf6 Bxf6 31. Nxf6 Qc7 32. Qxc7 Rxc7 33. Nxd5 Rd7 34.
Ne3 Rxd1+ 35. Nxd1 Bd5 36. Ne3 Bb3 37. Kf1 Kg7 38. Ke2 Kf6 39. Kd3 Ke6 40. c4
bxc4+ 41. Nxc4 a4 42. Kc3 Kd5 43. Nd2 Bd1 44. b4 axb3 45. Nxb3 Be2 46. g3 Bf1
47. h4 Bb5 48. Kb4 Bd3 49. a4 h5 50. a5 Be2 51. Kc3 Ba6 52. Kd2 Kc4 53. Nc1 Kd4
54. f3 Bb7 55. Ne2+ Ke5 56. Ke3 Ba6 57. Nf4 Kf5 58. Nd5 Ke5 59. Nc7 Bb7 60. a6
Bc6 61. a7 Bb7 62. a8=Q Bxa8 63. Nxa8 Kf5 64. Nc7 Ke5 65. Nb5 Kf5 66. Nd4+ Ke5
67. f4+ Kd5 68. Nf3 Ke6 69. Ke4 Kf6 70. Ne5 Kg7 71. Kd5 Kf6 72. Nxg6 Kxg6 73.
Ke6 1-0

[Event "FIDE World Rapid Team"]
[Site "Almaty KAZ"]
[Date "2024.08.04"]
[Round "9.25"]
[White "Yermekov, Kairat"]
[Black "Shonazarov, Orash"]
[Result "1-0"]
[BlackTitle "FM"]
[WhiteElo "2076"]
[BlackElo "2277"]
[WhiteTeam "VKO Team"]
[BlackTeam "Chess Empire"]
[WhiteFideId "13702203"]
[BlackFideId "13737910"]
[EventDate "2024.08.02"]

1. d4 Nf6 2. c4 c6 3. Nc3 d5 4. Nf3 e6 5. Bg5 h6 6. Bxf6 Qxf6 7. e3 Nd7 8. cxd5
exd5 9. Bd3 Qd8 10. O-O Be7 11. Rb1 a5 12. a3 O-O 13. b4 Nf6 14. Ne5 Be6 15. Bc2
axb4 16. axb4 Ra3 17. Na4 Qa8 18. Nc5 Bc8 19. Ra1 Bd6 20. Qc1 Rxa1 21. Qxa1 Qb8
22. Qc3 Qc7 23. Rb1 Re8 24. f4 b6 25. Na4 Ba6 26. Bd3 Bxd3 27. Qxd3 Ne4 28. Rc1
Bxe5 29. dxe5 Qa7 30. Qb3 Ra8 31. Nc3 Nd2 32. Qd1 Nc4 33. Qd4 b5 34. Ne2 Qa2 35.
Kf2 Ra3 36. Rc3 Rxc3 37. Qxc3 Qb2 38. Qxb2 Nxb2 39. Nc1 Kf8 40. Ke2 Ke7 41. Nb3
g6 42. g4 Nc4 43. Kd3 Kd7 44. Kd4 Kc7 45. f5 gxf5 46. gxf5 h5 47. e4 dxe4 48.
Kxe4 Kd7 49. Nc5+ Ke7 50. Kf4 h4 51. h3 Ke8 52. f6 Kf8 53. Kf5 Ne3+ 54. Kg5 Nd5
55. Nd3 Kg8 56. Kxh4 Kh7 57. Kg5 Kg8 58. Kf5 Nc7 59. Nf4 c5 60. bxc5 b4 61. Ke4
Na6 62. Nd3 b3 63. Kd4 Kh7 64. Kc3 Kg6 65. Kxb3 Kf5 66. Kc4 Ke4 67. e6 Nc7 68.
exf7 Ne6 69. c6 Nf8 1-0

[Event "FIDE World Rapid Team"]
[Site "Almaty KAZ"]
[Date "2024.08.04"]
[Round "9.26"]
[White "Karmenov, Berik"]
[Black "Nyshanbayev, Bolat"]
[Result "1-0"]
[WhiteElo "2046"]
[BlackElo "2091"]
[WhiteTeam "Chess Empire"]
[BlackTeam "VKO Team"]
[WhiteFideId "4194063"]
[BlackFideId "13704435"]
[EventDate "2024.08.02"]

1. e4 d6 2. d4 Nf6 3. Nc3 e5 4. Nf3 Be7 5. dxe5 Nfd7 6. exd6 Bxd6 7. Bg5 Be7 8.
Bxe7 Qxe7 9. Qd2 c6 10. O-O-O O-O 11. Bd3 b5 12. Rhe1 Nc5 13. e5 Be6 14. Kb1
Nba6 15. Qg5 Qc7 16. Bf5 b4 17. Ne4 Bxa2+ 18. Kc1 Nxe4 19. Bxe4 Bd5 20. Bxh7+
Kxh7 21. Qh5+ Kg8 22. Ng5 Rfd8 23. Qh7+ Kf8 24. Qh8+ Ke7 25. Qxg7 Rf8 26. Qf6+
Kd7 27. Rxd5+ cxd5 28. e6+ fxe6 29. Qxe6+ Kd8 30. Qxd5+ Kc8 31. Qxa8+ Nb8 32.
Ne6 Qe7 33. Qe4 Re8 34. Qc4+ Kb7 35. Nc5+ Qxc5 36. Qxc5 Rxe1+ 37. Kd2 Re7 38.
Qxe7+ 1-0

[Event "FIDE World Rapid Team"]
[Site "Almaty KAZ"]
[Date "2024.08.04"]
[Round "9.27"]
[White "Shevchenko, Alexandr"]
[Black "Ermekbaev, Iliyas"]
[Result "0-1"]
[WhiteElo "1814"]
[BlackElo "1621"]
[WhiteTeam "VKO Team"]
[BlackTeam "Chess Empire"]
[WhiteFideId "13756478"]
[BlackFideId "13784420"]
[EventDate "2024.08.02"]

1. e4 c5 2. Nf3 d6 3. d4 cxd4 4. Nxd4 Nf6 5. Nc3 a6 6. Be3 e6 7. f3 b5 8. Qd2
Bb7 9. O-O-O Nbd7 10. g4 h6 11. h4 b4 12. Na4 Qa5 13. b3 Nc5 14. a3 Nxa4 15.
axb4 Qc7 16. bxa4 d5 17. Bg2 e5 18. Nb3 d4 19. Bf2 Rc8 20. Kb1 Bc6 21. g5 Nh5
22. Bh3 Rb8 23. Bg4 Nf4 24. b5 axb5 25. axb5 Bxb5 26. Bg3 Ne2 27. Bh2 Nc3+ 28.
Kb2 Ba3+ 29. Ka1 Ra8 30. Qxd4 Bc1+ 0-1

[Event "FIDE World Rapid Team"]
[Site "Almaty KAZ"]
[Date "2024.08.04"]
[Round "9.28"]
[White "Sartbayev, Askar"]
[Black "Sadybekov, Adilzhan"]
[Result "0-1"]
[WhiteElo "1702"]
[BlackElo "1674"]
[WhiteTeam "Chess Empire"]
[BlackTeam "VKO Team"]
[WhiteFideId "13751190"]
[BlackFideId "13764799"]
[EventDate "2024.08.02"]

1. e4 e6 2. d4 d5 3. Nd2 c5 4. exd5 Qxd5 5. Ngf3 cxd4 6. Bc4 Qd6 7. O-O Nf6 8.
Nb3 Nc6 9. Nbxd4 Nxd4 10. Nxd4 Be7 11. Bb3 O-O 12. c4 Bd7 13. Be3 Rfd8 14. Qf3
Qc7 15. Rfe1 e5 16. Nf5 Bb4 17. Red1 e4 18. Qg3 Qxg3 19. Nxg3 Bc6 20. a3 Ba5 21.
Bd4 Ng4 22. Nf5 g6 23. Ne7+ Kf8 24. Nd5 Bxd5 25. cxd5 Bb6 26. Bxb6 axb6 27. Rd4
f5 28. Rb4 Rd6 29. Rc1 Ne5 30. Rc7 Rd7 31. Rxd7 Nxd7 32. Rc4 Nc5 33. Bc2 Ke7 34.
h3 Kd6 35. Rd4 Nd7 36. Bb3 Rc8 37. Kf1 Rc1+ 38. Ke2 Rb1 39. Rd2 Nc5 40. Bc4 Na4
41. b3 Nc3+ 42. Ke3 Re1+ 0-1

[Event "FIDE World Rapid Team"]
[Site "Almaty KAZ"]
[Date "2024.08.04"]
[Round "9.29"]
[White "Tulekenova, Aiza"]
[Black "Adilbekuly, Altair"]
[Result "1-0"]
[WhiteElo "1581"]
[BlackElo "1694"]
[WhiteTeam "VKO Team"]
[BlackTeam "Chess Empire"]
[WhiteFideId "13763881"]
[BlackFideId "13763130"]
[EventDate "2024.08.02"]

1. e4 c5 2. Nf3 d6 3. Bb5+ Nc6 4. d4 cxd4 5. Nxd4 Bd7 6. c4 Nf6 7. Nc3 g6 8. f3
Bg7 9. Be3 O-O 10. Rc1 a6 11. Bxc6 bxc6 12. b3 e5 13. Nde2 Be6 14. O-O Qe7 15.
Qc2 Rfd8 16. Rfd1 Rac8 17. Bb6 Rd7 18. Na4 Rb7 19. Rd3 Bh6 20. Rcd1 d5 21. Bc5
Qc7 22. Ng3 d4 23. Ba3 Nd7 24. Nc5 Bf8 25. Nxe6 fxe6 26. Bxf8 Rxf8 27. c5 Rb5
28. Rc1 Rxc5 29. Qd2 Rxc1+ 30. Qxc1 Qb6 31. Qc4 c5 32. a4 Rb8 33. Nf1 Qc6 34.
Nd2 Rb4 35. Qc2 Nb6 36. a5 Nd7 37. Nc4 Qc7 38. Rd1 Nb8 39. Ra1 Nc6 40. Ra3 Rb5
41. Qd2 Qb8 42. Qc2 Nb4 43. Qd2 Qc7 44. Qg5 Nc6 45. Qf6 Rb8 46. Qxe6+ Kg7 47.
Qd5 Rb5 48. Nd6 Rb8 49. Qxc5 Rb5 50. Qxb5 axb5 51. Ne8+ 1-0

[Event "FIDE World Rapid Team"]
[Site "Almaty KAZ"]
[Date "2024.08.04"]
[Round "9.30"]
[White "Zhumagali, Raian"]
[Black "Niyazbek, Nurtileu"]
[Result "1-0"]
[WhiteTitle "WCM"]
[WhiteElo "1632"]
[BlackElo "1578"]
[WhiteTeam "Chess Empire"]
[BlackTeam "VKO Team"]
[WhiteFideId "13730150"]
[BlackFideId "13765337"]
[EventDate "2024.08.02"]

1. e4 c6 2. d4 d5 3. e5 g6 4. Nc3 Bg7 5. Nf3 Nh6 6. Be2 O-O 7. Bf4 f6 8. h4 Bg4
9. exf6 exf6 10. Qd2 Nf7 11. O-O-O a5 12. Ng1 Be6 13. g4 b5 14. Bg3 Qd7 15. f3
a4 16. a3 Na6 17. Na2 Nd6 18. Nb4 Nc4 19. Qc3 Bh6+ 20. Kb1 Rf7 21. Nh3 Nxb4 22.
Qxb4 Bf8 23. Qc3 Qb7 24. Bxc4 dxc4 25. Qe3 Bd5 26. c3 c5 27. dxc5 Bxf3 28. Rhf1
Bg2 29. Rf2 Bxh3 30. Qe6 Qe7 31. Qd5 Rd8 32. Qxd8 Qe4+ 33. Ka1 Bxg4 34. Rdf1 f5
35. Qd2 Bxc5 36. Re1 Qd3 37. Rg2 Rd7 38. Qc1 Bf3 39. Rh2 Kf7 40. Bf4 h5 41. Rd2
Be3 42. Bxe3 Qe4 43. Rxd7+ Ke6 44. Rd4 Qc6 45. Bg5+ Kf7 46. Re7+ Kf8 47. Rd8+ 1-0

[Event "FIDE World Rapid Team"]
[Site "Almaty KAZ"]
[Date "2024.08.04"]
[Round "9.31"]
[White "Bulatov, Ramil"]
[Black "Serikgali Daulet"]
[Result "1-0"]
[WhiteElo "2137"]
[BlackElo "1571"]
[WhiteTeam "Chess Dream"]
[BlackTeam "Abai's Gambit Pioneers"]
[WhiteFideId "4166140"]
[BlackFideId "13780468"]
[EventDate "2024.08.02"]

1. d4 d5 2. Nf3 Nf6 3. Bg5 Ne4 4. Bf4 c5 5. e3 Nc6 6. Nbd2 Qa5 7. c3 Bf5 8. Nb3
Qb6 9. dxc5 Nxc5 10. Qxd5 e6 11. Qc4 Nxb3 12. Qxb3 Qxb3 13. axb3 Bc2 14. b4 Be7
15. Bb5 O-O 16. Bxc6 bxc6 17. Nd4 Be4 18. f3 Bd5 19. e4 c5 20. bxc5 Bc4 21. b3
Bd3 22. Kd2 Rfd8 23. Kxd3 f6 24. Bd6 Bxd6 25. cxd6 Rxd6 26. Kc2 1-0

[Event "FIDE World Rapid Team"]
[Site "Almaty KAZ"]
[Date "2024.08.04"]
[Round "9.32"]
[White "Almazuly, Azamat"]
[Black "Ishmukhamedov, Akhmet"]
[Result "0-1"]
[WhiteElo "1720"]
[BlackElo "1978"]
[WhiteTeam "Abai's Gambit Pioneers"]
[BlackTeam "Chess Dream"]
[WhiteFideId "447002646"]
[BlackFideId "13701916"]
[EventDate "2024.08.02"]

1. d4 Nf6 2. c4 e6 3. Nf3 d5 4. Nc3 Be7 5. Bg5 O-O 6. e3 h6 7. Bf4 c5 8. b3 Nc6
9. Be2 Qa5 10. Rc1 Ne4 11. cxd5 Nxc3 12. Qd2 Nxd5 13. Qxa5 Nxa5 14. dxc5 Nxf4
15. exf4 Nc6 16. O-O Rd8 17. a3 a5 18. Kh1 Bd7 19. g3 Be8 20. h4 Nd4 21. Nxd4
Rxd4 22. Bf3 Bc6 23. Kg2 Rad8 0-1

[Event "FIDE World Rapid Team"]
[Site "Almaty KAZ"]
[Date "2024.08.04"]
[Round "9.33"]
[White "Lysakov, Anton"]
[Black "Kalikhan, Abilmansur"]
[Result "1/2-1/2"]
[WhiteElo "1947"]
[BlackElo "1670"]
[WhiteTeam "Chess Dream"]
[BlackTeam "Abai's Gambit Pioneers"]
[WhiteFideId "4193750"]
[BlackFideId "447010908"]
[EventDate "2024.08.02"]

1. b3 Nf6 2. Bb2 g6 3. e3 Bg7 4. c4 O-O 5. Nf3 e6 6. Nc3 a6 7. Be2 c5 8. O-O Nc6
9. d4 cxd4 10. Nxd4 Nxd4 11. exd4 d5 12. Bf3 Rb8 13. Qd3 Bd7 14. Rfe1 Bc6 15.
Rad1 b5 16. c5 b4 17. Ne2 Bb5 18. Qc2 Bh6 19. Bc1 Bxc1 20. Qxc1 Bxe2 21. Rxe2
Kg7 22. Qf4 Rc8 23. Qd2 Rb8 24. Rc1 Qc7 25. g3 h5 26. Qg5 Nh7 27. Qe3 Rfc8 28.
Rec2 Nf6 29. h3 a5 30. Qe2 Rb7 31. Qe3 Ra7 32. Bg2 Qc6 33. Qe5 Qc7 34. Qe3 Qc6
35. Qe5 1/2-1/2

[Event "FIDE World Rapid Team"]
[Site "Almaty KAZ"]
[Date "2024.08.04"]
[Round "9.34"]
[White "Raipov, Alinur"]
[Black "Minnekhanov, Eldar"]
[Result "0-1"]
[WhiteElo "1504"]
[BlackElo "1750"]
[WhiteTeam "Abai's Gambit Pioneers"]
[BlackTeam "Chess Dream"]
[WhiteFideId "13763814"]
[BlackFideId "13705660"]
[EventDate "2024.08.02"]

1. e4 d6 2. d4 Nf6 3. Bd3 c6 4. c4 e5 5. d5 g6 6. Nc3 Bg7 7. Nf3 O-O 8. O-O Nh5
9. h3 Nd7 10. Be2 Nf4 11. Bxf4 exf4 12. dxc6 Ne5 13. cxb7 Bxb7 14. Nd5 Nxf3+ 15.
Bxf3 Bxd5 16. exd5 Bxb2 17. Rb1 Be5 18. Re1 Rc8 19. Rc1 Qa5 20. Qc2 Rfe8 21. Bg4
Rb8 22. Bd7 Re7 23. Bc6 Rb2 24. Qd1 Qxa2 25. Rf1 Rd2 26. Qa4 Bd4 27. c5 Rxf2 28.
Kh1 Qe2 29. Rfe1 Qxe1+ 30. Rxe1 Rxe1+ 31. Kh2 Rff1 32. g3 Rf2# 0-1

[Event "FIDE World Rapid Team"]
[Site "Almaty KAZ"]
[Date "2024.08.04"]
[Round "9.35"]
[White "Bozhgulova, Zaynabkhan"]
[Black "Kiribayeva, Togzhan"]
[Result "0-1"]
[WhiteElo "1605"]
[BlackElo "1544"]
[WhiteTeam "Chess Dream"]
[BlackTeam "Abai's Gambit Pioneers"]
[WhiteFideId "13727443"]
[BlackFideId "13739263"]
[EventDate "2024.08.02"]

1. e4 c5 2. Nf3 Nc6 3. Be2 g6 4. d4 cxd4 5. Nxd4 Bg7 6. Nxc6 bxc6 7. O-O Nf6 8.
Nc3 O-O 9. e5 Nd5 10. Nxd5 cxd5 11. Qxd5 Rb8 12. f4 Bb7 13. Qd3 Qc7 14. Be3 Rbc8
15. c3 Bc6 16. a4 Qb7 17. b4 Bxg2 18. Rf2 Be4 19. Qd2 d6 20. Bd4 dxe5 21. fxe5
Rfd8 22. Qf4 e6 23. Bf3 Bxf3 24. Rxf3 Rd5 25. Raf1 Rd7 26. Rh3 h5 27. Rg3 Rc4
28. Qe3 a5 29. Qe2 Qd5 30. Qc2 axb4 31. Rxg6 fxg6 32. Qxg6 bxc3 33. Qe8+ Kh7 34.
Qxh5+ Kg8 35. Qe8+ Kh7 36. Qh5+ Bh6 37. Rf7+ Rxf7 38. Qxf7+ Bg7 39. Qh5+ Kg8 40.
Qe8+ Bf8 41. Qg6+ Kh8 42. Qh5+ Kg7 43. Qg5+ Kf7 44. Qf6+ Ke8 45. Qg6+ Kd7 46.
Qf7+ Be7 0-1